000 00292nam a22001217a 4500
008 171017b xxu||||| |||| 00| 0 eng d
041 _aeng
080 _a330.101.542
100 _a52
101 _aMIK
245 _aMICROECONOMIC THEORY OF THE MARKET MECHANISM
_cKUENNE,R.E
942 _2udc
_cBK
999 _c34422
_d34422